| 000 | 02760nam0a2200421 i 4500 | ||
|---|---|---|---|
| 001 | RU\NLR\bibl\1916232 | ||
| 005 | 20260408011545.0 | ||
| 010 |
_a9785503000139 _9500 |
||
| 021 |
_aRU _b2012-39530 _92925 |
||
| 035 | _a(nilc)RSL-KNO-005447677 | ||
| 035 | _a(NLR Aleph) 001905724 | ||
| 090 |
_a3108010 _c3108010 |
||
| 100 | _a20120604d2011 u y0rusy50 ca | ||
| 101 | 0 | _arus | |
| 102 | _aRU | ||
| 105 | _ay ||||||||| | ||
| 200 | 1 |
_aКлинико-психологические особенности детей с ограниченными возможностями здоровья _eметодическое пособие для сетевых преподавателей и педагогов-кураторов _fГос. бюджет. образоват. учреждение высш. проф. образования "Челяб. ин-т переподгот. и повышения квалификации работников образования", Каф. спец. (коррекц.) образования _g[авт.-сост.: Г. В. Яковлева, Н. Я. Ратанова] |
|
| 210 |
_aЧелябинск _cИзд-во ЧИППКРО _d2011 |
||
| 215 |
_a76 с. _d20 |
||
| 320 | _aБиблиогр.: с. 66-76 (178 назв.) | ||
| 606 |
_aПсихические расстройства детей при соматических болезнях _jМетодические пособия _92134223 _3RU\NLR\auth\661591398 |
||
| 606 |
_aДети с ограниченными возможностями здоровья _jМетодические пособия _xВоспитание и обучение _92068376 _3RU\NLR\auth\661243020 |
||
| 606 |
_aДети с ограниченными возможностями здоровья _jМетодические пособия _xСоциально-психологические исследования _92172054 _3RU\NLR\auth\661306517 |
||
| 686 |
_aЧ430.1,6(2)2,0 _2rubbk |
||
| 686 |
_aЮ948.2-734,0 _2rubbk |
||
| 686 | _aР733.645.41я8 | ||
| 686 | _aС550.325.2я7 | ||
| 686 | _aЮ984.92я7 | ||
| 686 | _aЧ430.1я8 | ||
| 702 | 1 |
_4220 _8rus _7ca _aЯковлева _bГ. В. _cканд. пед. наук _f1957- _gГалина Владимировна _3RU\NLR\auth\7741981 _924929 |
|
| 712 | 0 | 2 |
_4570 _aЧелябинский институт переподготовки и повышения квалификации работников образования _bКафедра специального (коррекционного) образования _3RU\NLR\AUTH\8810173405 _9842677 |
| 801 | 0 |
_aRU _bRuMoRKP _c20120604 _grcr |
|
| 801 | 1 |
_aRU _bРГБ _c20120604 |
|
| 801 | 2 |
_aRU _bNLR _c20120621 _grcr |
|
| 942 | _cBOOK | ||
| 980 | _aNBR | ||